000 00318nam a2200133Ia 4500
008 240624s9999 xx 000 0 und d
041 _aeng
082 _a823 CHA
100 _aCHANDRASEKAR R
245 _aGOAT THE SOFA AND MR SWAMI
260 _c2010
_aNew Delhi
_bHachette India
300 _a306 : p.
365 _cRS
999 _c18399
_d18399